Catálogo
 En Linea

Situación y perspectivas de la ciencia y la tecnología en el contexto de la globalización, la sociedad del conocimiento y del TLC / (Registro nro. 29621)

Detalles MARC
000 -CABECERA
campo de control de longitud fija 01387nam a2200313 a 4500
001 - NÚMERO DE CONTROL
campo de control 000030129
005 - FECHA Y HORA DE LA ÚLTIMA TRANSACCIÓN
campo de control 20250701121838.0
008 - DATOS DE LONGITUD FIJA--INFORMACIÓN GENERAL
campo de control de longitud fija 110429s2006 dr 000 0 spa d
040 ## - FUENTE DE LA CATALOGACIÓN
Centro catalogador/agencia de origen DO-SdBNP
Lengua de catalogación spa
Centro/agencia transcriptor BNPHU
082 ## - NÚMERO DE LA CLASIFICACIÓN DECIMAL DEWEY
Número de clasificación 303.483
Número de documento/Ítem F727s
111 1# - ENTRADA PRINCIPAL--NOMBRE DE CONGRESO/REUNIÓN
Nombre de congreso/reunión o jurisdicción como elemento de entrada Foro Presidencial por la Excelencia de la Educación
Fecha del congreso/reunión (2006 nov. :
Sede del congreso/Lugar de la reunión Santo Domingo)
9 (RLIN) 56831
245 10 - MENCIÓN DE TÍTULO
Título Situación y perspectivas de la ciencia y la tecnología en el contexto de la globalización, la sociedad del conocimiento y del TLC /
Mención de responsabilidad, etc. Alerso Pimentel...[et. al.] ; coordinadora Bernarda Castillo.
260 ## - PUBLICACIÓN, DISTRIBUCIÓN, ETC.
Lugar de publicación, distribución, etc. Santo Domingo :
Nombre del editor, distribuidor, etc. SEESCYT,
Fecha de publicación, distribución, etc. 2006.
300 ## - DESCRIPCIÓN FÍSICA
Extensión 39 p. ;
Dimensiones 25 cm.
504 ## - NOTA DE BIBLIOGRAFÍA, ETC.
Nota de bibliografía, etc. Bibliografía : p. 39
590 ## - NOTA LOCAL (RLIN)
Nota local Inventariado, 2018/BT
650 #4 - PUNTO DE ACCESO ADICIONAL DE MATERIA--TÉRMINO DE MATERIA
Término de materia o nombre geográfico como elemento de entrada Ciencia y tecnología
9 (RLIN) 20738
650 #4 - PUNTO DE ACCESO ADICIONAL DE MATERIA--TÉRMINO DE MATERIA
Término de materia o nombre geográfico como elemento de entrada Política científica
Subdivisión geográfica República Dominicana
9 (RLIN) 56832
650 #4 - PUNTO DE ACCESO ADICIONAL DE MATERIA--TÉRMINO DE MATERIA
Término de materia o nombre geográfico como elemento de entrada Tratados comerciales
Subdivisión geográfica República Dominicana
9 (RLIN) 12395
650 #4 - PUNTO DE ACCESO ADICIONAL DE MATERIA--TÉRMINO DE MATERIA
Término de materia o nombre geográfico como elemento de entrada Sociología de la ciencia
9 (RLIN) 25764
650 #4 - PUNTO DE ACCESO ADICIONAL DE MATERIA--TÉRMINO DE MATERIA
Término de materia o nombre geográfico como elemento de entrada Política tecnológica
Subdivisión geográfica República Dominicana
9 (RLIN) 19564
700 1# - PUNTO DE ACCESO ADICIONAL--NOMBRE DE PERSONA
Nombre de persona Pimentel, Alerso
9 (RLIN) 56833
700 1# - PUNTO DE ACCESO ADICIONAL--NOMBRE DE PERSONA
Nombre de persona Castillo, Bernarda
Término indicativo de función/relación coord.
9 (RLIN) 56834
700 1# - PUNTO DE ACCESO ADICIONAL--NOMBRE DE PERSONA
Nombre de persona Vásquez, Franklyn
9 (RLIN) 56835
700 1# - PUNTO DE ACCESO ADICIONAL--NOMBRE DE PERSONA
Nombre de persona Ciprián, Miguel
9 (RLIN) 56829
700 1# - PUNTO DE ACCESO ADICIONAL--NOMBRE DE PERSONA
Nombre de persona González de Lora, Sarah
9 (RLIN) 29817
710 1# - PUNTO DE ACCESO ADICIONAL--NOMBRE DE ENTIDAD CORPORATIVA
Nombre de entidad corporativa o nombre de jurisdicción como elemento de entrada República Dominicana.
Unidad subordinada Secretaría de Estado de Educación Superior, Ciencia y Tecnología
9 (RLIN) 18778
910 ## - DATOS DE OPCIÓN DEL USUARIO (OCLC)
Datos de opción del usuario Validado. Control de calidad. EMS
Existencias
Estado de retiro Estado de pérdida Restricciones de uso No para préstamo Código de colección Localización permanente Ubicación/localización actual Ubicación en estantería Fecha de adquisición Número de inventario Total de préstamos Signatura topográfica completa Código de barras Fecha visto por última vez Número de copia Precio válido a partir de Tipo de ítem Koha
  Extraviado     Dominicana de Servicio General General Extraviado 06.05.2014 LF1   303.483 F727s 30129-30 25.06.2020 e. 3 25.06.2020 Libro y Folleto Colección Dominicana de Servicio
      Excluido de préstamo Patrimonio Dominicano Patrimonio Dominicano Patrimonio Dominicano Depósito 29.04.2011 LF1   303.483 F727s 30129-10 25.06.2020   25.06.2020 Libro y Folleto Colección Patrimonio Dominicano
      Excluido de préstamo Patrimonio Dominicano Patrimonio Dominicano Patrimonio Dominicano Depósito 01.10.2013 LF1   303.483 F727s 30129-20 25.06.2020 e. 2 25.06.2020 Libro y Folleto Colección Patrimonio Dominicano

Con tecnología Koha